00884cam a22002414a 4500001000500000005001700005020001800022040002300040050001400063082001000077100003100087245004200118250004400160260003700204300004700241490003800288500002000326505000800346520021200354521002000566521002000586650003600606284020250421102920.0 a9780545451772 aDLCcDLCdDLCbeng00aQE861.Z6300a567.91 aZoehfeld, Kathleen Weidner10aDinosaurs /cby Kathleen W. Zoehfeld. aFirst Scholastic printing February 2012 aNew York : bScholastic ; c2011 a32 pages :bcolor illustrations ; c24 cm. aNational Geographic kids vBook 1 aIncludes index.0 aE  a"There's nothing more fascinating than dinosaurs. In this Level 1 reader, youngsters learn all about the terrifying giants that once roamed the Earth--maybe even as close as their own backyard!"--Amazon.com. a270 bLexile  aE bRaz-Plus  0aDinosaursvJuvenile literature.